000 00648nam a22002057a 4500
005 20230114153013.0
008 230114b |||||||| |||| 00| 0 eng d
020 _a9789352872794
_cRs.1450.00
040 _aLoreto College
041 _aEnglish
082 _a378.54
_bTIL
100 _aTilak,Jandhyala B.G.
245 _aThe writings of Jandhyaya B.G.Tilak
_bDilemmas in reforming higher education in India
_cJandhyaya B.G.Tilak;with a foreword by Yogesh Atal
260 _aHyderabad
_bOrient Blackswan
_c2018
300 _axxxiii,518p
_b22cm
504 _aIncludes index
650 _aHigher education
_zIndia
850 _aLCLIB
942 _cBK
999 _c43098
_d93577